000 00579nam a22002417a 4500
003 UA-OsUOA
001 30356
007 ta
008 20041109b un ||||| |||| 00| 0 ukr d
100 _aВладимирская А.
090 _a929:78(439)
_bВ57
942 _cBK
040 _aUA-OsUOA
_brus
_cUA-OsUOA
_dUA-OsUOA
245 _aФранц Легар
300 _a174 с.
_bІлюстрації
955 _a0
041 _arus
080 _a929:78(439)
260 _aЛенинград
_bМузыка
_c1981
044 _aRU
650 7 _2UDC
999 _c316767
_d316767